| 000 | 01042 a2200217 4500 | ||
|---|---|---|---|
| 001 | 55435 | ||
| 005 | 20260407155829.0 | ||
| 008 | 260407a1952 arg spa d | ||
| 003 | AR-UNSa-BCEJYS | ||
| 040 |
_aAR-UNSa-BCEJYS _bspa _cAR-UNSa-BCEJYS |
||
| 080 |
_a001.1 _xConceptos de la ciencia y del conocimiento |
||
| 245 | 1 | 0 | _aCiencia cultural y ciencia natural |
| 250 | _a3a. ed. | ||
| 264 | 1 |
_aBuenos Aires : _bEspasa-Calpe Argentina _c1952 |
|
| 300 |
_a228 p. _c18 cm. |
||
| 505 | _a1. El problema - 2. La situación histórica - 3. La oposiciòn capital - 4. Naturaleza y cultura - 5. Concepto y realidad - 6. El método naturalista - 7. Naturaleza e historia - 8. Historia y psicología - 9. Historia y arte - 10. Las ciencias culturales históricas - 11. Los territorios intermedios - 12. La individualidad cuantitativa - 13. La individualidad indiferente a los valores - 14. La objetividad de la historia de la cultura | ||
| 041 | _aspa | ||
| 942 | _cBK | ||
| 590 | _aniveau_biblio:m niveau_hierar:0 | ||
| 100 | 1 | _aRickert, Heinrich | |
| 999 |
_c5957 _d5957 |
||